[Event "Quebec-ch U16"]
[Site "Montreal"]
[Date "2009.11.28"]
[Round "2"]
[White "Boni Rowe, Nicolas"]
[Black "MacIsaac, Alexandre"]
[Result "1-0"]
[WhiteElo "1347"]
[BlackElo "1529"]
[PlyCount "115"]
[EventDate "2009.11.27"]
[EventType "swiss"]
[EventRounds "5"]
[EventCountry "CAN"]
[SourceTitle "EXT 2011"]
[Source "ChessBase"]
[SourceDate "2010.11.26"]
[SourceVersion "1"]
[SourceVersionDate "2010.11.26"]
[SourceQuality "1"]

1. e4 c5 2. Nc3 e6 3. g4 Nc6 4. d3 a6 5. a4 Nge7 6. h3 Qc7 7. f4 Ng6 8. Qf3 Nd4 9. Qf2 f6 10. h4 Bd6 11. Nh3 Nxh4 12. Bg2 Nxg2+ 13. Qxg2 Rb8 14. Nd1 b6 15. c3 Nb3 16. Rb1 Nxc1 17. Rxc1 Bxf4 18. Rc2 Bg3+ 19. Ndf2 Bxf2+ 20. Rxf2 g5 21. Rxf6 h6 22. Qf3 Bb7 23. Nxg5 Ke7 24. Rf7+ Ke8 25. Nxe6 Qd6 26. Ng7+ Kd8 27. Qf6+ Qxf6 28. Rxf6 Kc7 29. Nf5 Rbf8 30. Rxf8 Rxf8 31. Rxh6 d6 32. Nxd6 Rg8 33. Nxb7 Kxb7 34. Rh4 Kc7 35. Ke2 b5 36. axb5 axb5 37. b4 cxb4 38. cxb4 Kd6 39. d4 Rc8 40. Rh6+ Kd7 41. Rb6 Rc4 42. Rxb5 Rxd4 43. Rd5+ Rxd5 44. exd5 Kd6 45. Kd3 Kxd5 46. Kc3 Ke5 47. b5 Kf4 48. b6 Kxg4 49. b7 Kf5 50. b8Q Ke4 51. Qe8+ Kd5 52. Kd3 Kd6 53. Kd4 Kc7 54. Qg6 Kd7 55. Kd5 Ke7 56. Qe6+ Kd8 57. Qf7 Kc8 58. Kc6 1-0